FIFA Women's World Cup - Top 4 Teams - Statistics

General Stats
  • This quiz has been taken 22 times
  • The average score is 15 of 32
Answer Stats
Edition Position Team % Correct
USA
94%
USA
71%
USA
65%
USA
65%
Germany
59%
Germany
59%
Japan
59%
1991 Norway
59%
Norway
59%
Germany
53%
2019 Netherlands
53%
Sweden
53%
USA
53%
USA
53%
1999 China
47%
England
47%
1995 Germany
47%
2003 Sweden
47%
USA
47%
2011 USA
47%
China
41%
Norway
41%
Sweden
41%
Sweden
41%
Brazil
35%
2007 Brazil
35%
2015 Japan
35%
Norway
35%
France
29%
England
24%
Canada
18%
Germany
12%
No matching quizzes found
Score Distribution
Percent of People with Each Score
Percentile by Number Answered
Your Score History
You have not taken this quiz